|
|
|
|
| LEADER |
00000nam0a2200000 4500 |
| 001 |
302122 |
| 005 |
20231102001454.0 |
| 010 |
|
|
|b 5300
|
| 035 |
|
|
|a (RuTPU)RU\TPU\book\327318
|
| 035 |
|
|
|a RU\TPU\book\327317
|
| 090 |
|
|
|a 302122
|
| 100 |
|
|
|a 20150819d1936 m y0rusy50 ca
|
| 101 |
0 |
|
|a rus
|
| 102 |
|
|
|a RU
|
| 105 |
|
|
|a a z 001zy
|
| 200 |
1 |
|
|a "Современник" при Чернышевском и Добролюбове
|f В. Евгеньев-Максимов
|g Государственный Научно-Исследовательский Институт Искусствознания ; худ. А. Ушин
|
| 210 |
|
|
|a Ленинград
|c Художественная литература
|d [1936]
|
| 215 |
|
|
|a 622 с.
|c ил.
|
| 606 |
1 |
|
|a Литературоведение
|x Теория
|2 stltpush
|3 (RuTPU)RU\TPU\subj\73821
|9 86578
|
| 610 |
1 |
|
|a журналы
|
| 610 |
1 |
|
|a Современник
|
| 610 |
1 |
|
|a литература
|
| 610 |
1 |
|
|a литературно-критическая мысль
|
| 686 |
|
|
|a 83
|v LBC/SL-A
|2 rubbk
|
| 700 |
|
1 |
|a Евгеньев-Максимов
|b В.
|
| 702 |
|
1 |
|a Ушин
|b А.
|4 040
|
| 712 |
0 |
2 |
|a Государственный Научно-Исследовательский Институт Искусствознания
|
| 801 |
|
1 |
|a RU
|b 63413507
|c 20150819
|
| 801 |
|
2 |
|a RU
|b 63413507
|c 20150819
|g RCR
|
| 942 |
|
|
|c BK
|